000
00243nam a2200097Ia 4500
001
834976
005
20250826172445.0
008
250824s9999 xx 000 0 und d
245
0
_a
VATAN YAHUT SİLİSTRE
_c
NAMIK KEMAL
260
_b
BİLGE YAYINLARI
999
_c
834976
_d
834976